The princess diaries : (Record no. 3850)

MARC details
000 -LEADER
fixed length control field 00479nam a2200169 4500
001 - CONTROL NUMBER
control field 4641
005 - DATE AND TIME OF LATEST TRANSACTION
control field 20181127173834.0
020 00 - INTERNATIONAL STANDARD BOOK NUMBER
International Standard Book Number 9780330438124
100 00 - MAIN ENTRY--PERSONAL NAME
Personal name Cabot, Meg.
245 00 - TITLE STATEMENT
Title The princess diaries :
Remainder of title Mia goes fourth /
Statement of responsibility, etc. Meg Cabot.
Medium
300 00 - PHYSICAL DESCRIPTION
Extent 194 p. ; 18 cm,
650 ## - SUBJECT ADDED ENTRY--TOPICAL TERM
Topical term or geographic name entry element Diaries.
Form subdivision
General subdivision
Chronological subdivision
Geographic subdivision
Source of heading or term
Topical term or geographic name entry element Identity (Psychology).
Form subdivision
General subdivision
Chronological subdivision
Geographic subdivision
Source of heading or term
Topical term or geographic name entry element Mia (Fictitious character) --Fiction.
Form subdivision
General subdivision
Chronological subdivision
Geographic subdivision
Source of heading or term
Topical term or geographic name entry element Princesses --Fiction.
General subdivision
Topical term or geographic name entry element Princesses.
General subdivision
Holdings
Withdrawn status Lost status Source of classification or shelving scheme Damaged status Not for loan Collection code Home library Current library Shelving location Date acquired Serial Enumeration / chronology Inventory number Total Checkouts Total Renewals Full call number Barcode Date last seen Date last checked out Price effective from Koha item type
    Dewey Decimal Classification     Fiction RTC Library RTC Library Fiction 24/02/2021 7356 4 6 FIC 813.54 CAB 30007430 03/01/2022 15/04/2021 27/11/2018 Fiction
Royal Thimphu College || All Right Reserved